The Almanika in your Love/ (Record no. 216204)

MARC details
000 -LEADER
fixed length control field 00427nam a22001817a 4500
005 - DATE AND TIME OF LATEST TRANSACTION
control field 20260514150212.0
010 ## - LCCN (DPL NO)
LC control number ENG-148456
020 ## - INTERNATIONAL STANDARD BOOK NUMBER
International Standard Book Number 9789353211455
Terms of availability 430.00
035 ## - SYSTEM CONTROL NUMBER
System control number EN-131988
037 ## - SOURCE OF ACQUISITION
Source of stock number/acquisition DBAD
082 ## - DEWEY DECIMAL CLASSIFICATION NUMBER
Classification number N
Edition number 1
100 ## - MAIN ENTRY--PERSONAL NAME
Personal name Bhatt, Bhavesh K.
245 ## - TITLE STATEMENT
Title The Almanika in your Love/
Statement of responsibility, etc Bhavesh K. Bhatt
250 ## - EDITION STATEMENT
Edition statement 1
260 ## - PUBLICATION, DISTRIBUTION, ETC. (IMPRINT)
Name of publisher, distributor, etc Pothi
300 ## - PHYSICAL DESCRIPTION
Extent vpp.
Dimensions 23cm(pb)
942 ## - ADDED ENTRY ELEMENTS (KOHA)
Source of classification or shelving scheme Dewey Decimal Classification
Item type English Books
Classification part N
Call number suffix BHA
Holdings
Withdrawn status Lost status Not for loan Collection code Home library Current library Date acquired Source of acquisition Cost, normal purchase price Full call number Barcode Copy number Cost, replacement price Koha item type
      Fiction R.K.Puram-8 R.K.Puram-8 14/05/2026 Delivery of Books Act Division 430.00 N BHA EN-131988 1 430.00 English Books

© Delhi Public Library
Hit Counter
free hit counter